000
00332nam a2200133Ia 4500
008
230519s9999 xx 000 0 und d
041
_a
eng
082
_a
PY/150/SRE/DB0220
100
_a
Sreevani R
245
_a
Psychology for Nurses
260
_b
Jaypee Brothers
_a
New Delhi
_c
2013
300
_a
323p
999
_c
159042
_d
159042